Concepts and applications of finite elements analysis (Record no. 184396)

000 -LEADER
fixed length control field 00411nam a2200145Ia 4500
008 - FIXED-LENGTH DATA ELEMENTS--GENERAL INFORMATION
fixed length control field 220217s9999||||xx |||||||||||||| ||und||
020 ## - INTERNATIONAL STANDARD BOOK NUMBER
International Standard Book Number 9788126513369
082 ## - DEWEY DECIMAL CLASSIFICATION NUMBER
Classification number 620.001 COO
100 ## - MAIN ENTRY--PERSONAL NAME
Personal name Cook, Robert D and Others
245 #0 - TITLE STATEMENT
Title Concepts and applications of finite elements analysis
250 ## - EDITION STATEMENT
Edition statement 4th
260 ## - PUBLICATION, DISTRIBUTION, ETC.
Place of publication, distribution, etc. Wiley india
Name of publisher, distributor, etc. New Delhi
Date of publication, distribution, etc. 2012
300 ## - PHYSICAL DESCRIPTION
Extent xvi,717p
Other physical details 539
650 ## - SUBJECT ADDED ENTRY--TOPICAL TERM
Topical term or geographic name entry element MECHANICHAL
Holdings
Withdrawn status Lost status Damaged status Not for loan Collection code Home library Current library Shelving location Date acquired Full call number Barcode Date last seen Price effective from Koha item type
        Mechanical Engineering Central Library Central Library Book Cart 02/18/2022 620.001 COO 19585 02/18/2022 02/18/2022 Books

Powered by Koha